000 00646nam a2200217 a 4500
008
020 _a1561590460 (hbk.)
049 _aMAIN
090 _aREF QA76.9.D314
_bMAD
100 1 _aMadsen, Wayne.
245 1 0 _aHandbook of personal data protection /
_cWayne Madsen.
260 _aHoundmills, Basingstoke :
_bMacmillan,
_c1992.
300 _axix, 1026 p. ;
_c26 cm.
500 _aIncludes index.
650 0 _aData protection
_xLaw and legislation.
907 _a.b10045855
_b04-03-22
_c17-04-03
003
005 20230120191423.0
040 _cNUST
942 _cBOOKS
_kREF QA76.9.D314
_mMAD
999 _c100829
_d100829